[Event "Aktobe Dvorkovich op-B"]
[Site "Aktobe"]
[Date "2025.06.24"]
[Round "3"]
[White "Zhauynbay, Aldiyar"]
[Black "Fedorov, Grigory"]
[Result "0-1"]
[WhiteElo "2233"]
[BlackElo "2058"]
[PlyCount "94"]
[EventDate "2025.06.22"]
[EventType "swiss"]
[EventRounds "9"]
[EventCountry "KAZ"]
[SourceTitle "CB27_2025"]
[SourceDate "2025.07.02"]
[SourceVersion "1"]
[SourceVersionDate "2025.07.02"]
[SourceQuality "1"]

1. e4 g6 2. d4 Bg7 3. Nc3 d6 4. Be3 a6 5. Nf3 Nf6 6. Qd2 0-0 7. Bd3 Ng4 8. Bg5 h6 9. Bh4 c5 10. dxc5 dxc5 11. h3 Nf6 12. 0-0-0 Nc6 13. e5 Nh7 14. Qe3 Qa5 15. Bc4 e6 16. Rd6 Ng5 17. Bxg5 hxg5 18. a3 Nd4 19. Qe4 Nf5 20. Rdd1 Rb8 21. Bd3 b5 22. Qe1 b4 23. Ne4 Qc7 24. axb4 c4 25. Qc3 Rb5 26. g4 Nh4 27. Nexg5 Rxe5 28. Qxc4 Qb8 29. Nxh4 Rxg5 30. Kb1 Bb7 31. c3 Bd5 32. Qxa6 Qf4 33. Qb6 Bxh1 34. Rxh1 Rd5 35. Bc2 Rd2 36. Rf1 Rfd8 37. Qe3 Qc4 38. Re1 R8d3 39. Qc5 Qa6 40. b5 Qa5 41. Bxd3 Rxd3 42. Qb4 Qd8 43. Re3 Bxc3 44. bxc3 Rd1+ 45. Kc2 Qd2+ 46. Kb3 Rb1+ 47. Ka4 Qa2+ 0-1

[Event "FIDE World Bl Team Final"]
[Site "Almaty"]
[Date "2024.08.05"]
[Round "1.2"]
[White "Fedorov, Grigory"]
[Black "Tanikin, Isabek"]
[Result "0-1"]
[WhiteElo "1904"]
[BlackElo "1952"]
[PlyCount "89"]
[EventDate "2024.08.05"]
[EventType "team-k.o. (blitz)"]
[EventRounds "4"]
[EventCountry "KAZ"]
[SourceTitle "CBM 221 Extra"]
[Source "ChessBase"]
[SourceDate "2024.09.30"]
[SourceVersion "1"]
[SourceVersionDate "2024.09.30"]
[SourceQuality "1"]
[WhiteTeam "Kazakhstan Teniz"]
[BlackTeam "Ashdod"]
[WhiteTeamCountry "KAZ"]
[BlackTeamCountry "ISR"]

1. e4 e6 2. d4 d5 3. e5 c5 4. c3 Bd7 5. Nf3 Qb6 6. Be2 cxd4 7. cxd4 Bb5 8. 0-0 Bxe2 9. Qxe2 Qa6 10. Qd1 Ne7 11. Nc3 Nf5 12. a3 Be7 13. b4 0-0 14. Bb2 Nd7 15. Na4 Nb6 16. Nc5 Bxc5 17. dxc5 Nc4 18. Bd4 b6 19. a4 Nxd4 20. Qxd4 bxc5 21. bxc5 Rac8 22. Rfb1 Rb8 23. Nd2 Nxd2 24. Qxd2 Rxb1+ 25. Rxb1 Qxa4 26. Qc3 Qc6 27. Ra1 Ra8 28. Ra5 h6 29. Qa3 Rb8 30. g3 d4 31. f3 Qc7 32. Rxa7 Qxe5 33. Kg2 Qe2+ 34. Kh3 Qf1+ 35. Kg4 h5+ 36. Kh4 Qe2 37. c6 Qxh2+ 38. Kg5 f6+ 39. Kf4 e5+ 40. Kf5 Qh3+ 41. Ke4 Qe6 42. c7 Qc6+ 43. Kf5 Rc8 44. Qb3+ Kh7 45. g4 0-1

[Event "FIDE World Rapid Team"]
[Site "Almaty"]
[Date "2024.08.02"]
[Round "1.12"]
[White "Fedorov, Grigory"]
[Black "Yessengali, Alikhan"]
[Result "0-1"]
[WhiteElo "1904"]
[BlackElo "1529"]
[PlyCount "105"]
[EventDate "2024.08.02"]
[EventType "team (rapid)"]
[EventRounds "12"]
[EventCountry "KAZ"]
[SourceTitle "CBM 221 Extra"]
[Source "ChessBase"]
[SourceDate "2024.09.30"]
[SourceVersion "1"]
[SourceVersionDate "2024.09.30"]
[SourceQuality "1"]
[WhiteTeam "Kazakhstan Teniz"]
[BlackTeam "Chess Dream"]
[WhiteTeamCountry "KAZ"]
[BlackTeamCountry "KAZ"]

1. e4 Nf6 2. e5 Nd5 3. c4 Nb6 4. d4 d6 5. f4 dxe5 6. fxe5 Nc6 7. Be3 Bf5 8. Nc3 e6 9. Nf3 Bb4 10. Be2 0-0 11. 0-0 Ne7 12. Qb3 Bxc3 13. Qxc3 c6 14. b4 Rc8 15. a4 Bg4 16. a5 Nd7 17. Bg5 f6 18. exf6 Nxf6 19. Bxf6 Rxf6 20. Rad1 Nf5 21. Rfe1 Rh6 22. Ne5 Bxe2 23. Rxe2 Qh4 24. Nf3 Qf4 25. Rde1 Kf7 26. Re4 Qd6 27. g3 Re8 28. Re5 Rf6 29. d5 cxd5 30. cxd5 h6 31. dxe6+ Rexe6 32. Rxe6 Rxe6 33. Rxe6 Qxe6 34. Qc7+ Qe7 35. Ne5+ Kf6 36. Qxe7+ Nxe7 37. Nd7+ Kf5 38. Kf2 Nc6 39. Nc5 b6 40. axb6 axb6 41. Nd7 b5 42. Ke3 Nxb4 43. Kd4 Kg4 44. Kc5 Nd3+ 45. Kxb5 Kh3 46. Kc4 Nf2 47. Kd5 Kxh2 48. Ke6 Kxg3 49. Kf5 h5 50. Ne5 h4 51. Nc4 h3 52. Ne3 Nd1 53. Nf1+ 0-1

[Event "FIDE World Rapid Team"]
[Site "Almaty"]
[Date "2024.08.02"]
[Round "4.36"]
[White "Kabylbek, Yedil"]
[Black "Fedorov, Grigory"]
[Result "1/2-1/2"]
[WhiteElo "1857"]
[BlackElo "1904"]
[PlyCount "83"]
[EventDate "2024.08.02"]
[EventType "team (rapid)"]
[EventRounds "12"]
[EventCountry "KAZ"]
[SourceTitle "CBM 221 Extra"]
[Source "ChessBase"]
[SourceDate "2024.09.30"]
[SourceVersion "1"]
[SourceVersionDate "2024.09.30"]
[SourceQuality "1"]
[WhiteTeam "Greco"]
[BlackTeam "Kazakhstan Teniz"]
[WhiteTeamCountry "KAZ"]
[BlackTeamCountry "KAZ"]

1. e4 e6 2. Nf3 d5 3. Nc3 d4 4. Ne2 c5 5. c3 Nf6 6. Ng3 Nc6 7. Bb5 Bd7 8. d3 Qb6 9. Bxc6 Bxc6 10. c4 Be7 11. 0-0 0-0 12. Qc2 Qc7 13. Bd2 Rfe8 14. Rfb1 a5 15. a3 a4 16. b4 axb3 17. Qxb3 Ra4 18. Ne2 Rea8 19. Bf4 Qa5 20. Ne5 h6 21. Nxc6 bxc6 22. Qb7 Rxa3 23. Rxa3 Qxa3 24. h3 Bd8 25. Rb3 Qa5 26. Kh2 Nh5 27. Bd6 Ra7 28. Qc8 Kh7 29. Ng3 Nxg3 30. Bxg3 Bc7 31. e5 Qe1 32. f4 Qd1 33. Rb7 Ra1 34. Bf2 Qf1 35. Rb2 Ba5 36. Qxc6 Bc3 37. Qe4+ g6 38. Rb7 Qh1+ 39. Kg3 Kg7 40. Rxf7+ Kxf7 41. Qb7+ Kf8 42. Qc8+ 1/2-1/2

[Event "Bulan Sogotu Yurtaev Memorial"]
[Site "Bulan Sogotu"]
[Date "2024.06.20"]
[Round "8"]
[White "Murzin, Marat"]
[Black "Fedorov, Grigory"]
[Result "0-1"]
[WhiteElo "1868"]
[BlackElo "1885"]
[PlyCount "84"]
[EventDate "2024.06.13"]
[EventType "swiss"]
[EventRounds "9"]
[EventCountry "KGZ"]
[SourceTitle "EXT 2025"]
[Source "ChessBase"]
[SourceDate "2024.10.14"]
[SourceVersion "1"]
[SourceVersionDate "2024.10.14"]
[SourceQuality "1"]

1. Nf3 Nf6 2. c4 g6 3. Nc3 Bg7 4. e4 d6 5. d4 0-0 6. Be2 Nbd7 7. 0-0 e5 8. Be3 Qe7 9. d5 c5 10. Ne1 Kh8 11. a3 Ng8 12. b4 b6 13. Nd3 f5 14. f3 h5 15. a4 a5 16. bxa5 bxa5 17. Rb1 Bh6 18. Bf2 h4 19. Qe1 h3 20. g3 Ngf6 21. Bd1 Nh7 22. exf5 gxf5 23. f4 e4 24. Nc1 Nhf6 25. Kh1 Ba6 26. Nb5 Nb6 27. Qc3 e3 28. Qxe3 Qxe3 29. Bxe3 Nxc4 30. Bf2 Nd2 31. Bc2 Nxf1 32. Nb3 c4 33. N3d4 Nd2 34. Rd1 Nde4 35. Bg1 Ng4 36. Bxe4 fxe4 37. Nc7 e3 38. Nxa8 Rxa8 39. Re1 Nf2+ 40. Bxf2 exf2 41. Rf1 Re8 42. Ne6 Rxe6 0-1